Extremal Combinatorics (Record no. 60803)
[ view plain ]
| 000 -LEADER | |
|---|---|
| fixed length control field | 00512nam a22001937a 4500 |
| 005 - DATE & TIME | |
| control field | 20260515151354.0 |
| 008 - FIXED-LENGTH DATA ELEMENTS--GENERAL INFORMATION | |
| fixed length control field | 260515b |||||||| |||| 00| 0 eng d |
| 020 ## - ISBN | |
| International Standard Book Number | 9783642269905 |
| Price | 6878.54 |
| 040 ## - CATALOGING SOURCE | |
| Original cataloging agency | Doon University |
| 041 ## - Language | |
| Language | English |
| 082 ## - DDC NUMBER | |
| Classification number | 511.6 |
| Book Number | JUK |
| 100 ## - MAIN ENTRY--PERSONAL NAME | |
| Personal name | Jukna, Stasys |
| 245 ## - TITLE STATEMENT | |
| Title | Extremal Combinatorics |
| Sub Title | : With Applications in Computer Science |
| 250 ## - EDITION STATEMENT | |
| Edition statement | 2nd |
| 260 ## - PUBLICATION, DISTRIBUTION, ETC. (IMPRINT) | |
| Place of publication, distribution, etc | Germany |
| Name of publisher, distributor, etc | Springer |
| Date of publication, distribution, etc | 2011 |
| 300 ## - PHYSICAL DESCRIPTION | |
| Pages | 405 |
| 650 ## - Subject | |
| Subject | Mathematics (PM USHA) |
| 942 ## - ADDED ENTRY ELEMENTS (KOHA) | |
| Koha item type | Books |
| 100 ## - MAIN ENTRY--PERSONAL NAME | |
| -- | 22812 |
| 650 ## - Subject | |
| -- | 26738 |
| 952 ## - LOCATION AND ITEM INFORMATION (KOHA) | |
| -- | 2026-05-15 |
| Withdrawn status | Lost status | Source of classification or shelving scheme | Damaged status | Not for loan | Location (home branch) | Sublocation or collection (holding branch) | Date acquired | Koha full call number | Accession No. | Koha date last seen | Koha item type |
|---|---|---|---|---|---|---|---|---|---|---|---|
| Not For Loan | Doon University | Doon University | 15.05.2026 | 511.6 JUK | 33161 | 15.05.2026 | Reference |